00233nam a2200085Ia 4500008004100000082001800041100002000059245004500079300002300124230907s9999||||xx |||||||||||||| ||und|| a621.31042,PYR aPyrhonen, Juha. 0aDesign of rotating electrical machines / axxvii, 584 pages ;